Character By Death - Statistics

General Stats
  • This quiz has been taken 27 times
  • The average score is 5 of 15
Answer Stats
Hint Answer % Correct
Falling into the volcano while clutching his precious Gollum
82%
Dropping a snow globe upon his saying one word but what does it mean? Charles Kane
55%
Shot by the Libyans Doc Brown
45%
Anti climactic heart attack in front of his grandkid Vito Corleone
41%
Impaled on his glider Green Goblin
36%
Shot to death than riding of in a train to blow up a building V
36%
Hanging himself after writing that he was here Brooks
32%
Head melts exposing the skeleton as he screams Arnold Toht
27%
Suffocated by his friend after becoming a vegetable R.P Mcmurphy
27%
Bugs burning alive than squashed to death screaming " my bugs!" Oogie Boogie
23%
Dying of old age afterwards having his face crumble Emperor
18%
She. Was. A singing telegram (she got shot) Singing telegram
18%
Hook going straight through the head and falling into an explosion John Lark
14%
Shot repeatedly before shutting off K2-SO
14%
Electrocuted for supposedly killing his wife with a pair of scissors Roman Strauss
14%
No matching quizzes found
Score Distribution
Percent of People with Each Score
Percentile by Number Answered
Your Score History
You have not taken this quiz